<?xml version="1.0" encoding="UTF-8"?>
<record
    xmlns:xsi="http://www.w3.org/2001/XMLSchema-instance"
    xsi:schemaLocation="http://www.loc.gov/MARC21/slim http://www.loc.gov/standards/marcxml/schema/MARC21slim.xsd"
    xmlns="http://www.loc.gov/MARC21/slim">

  <leader>00916nam a2200157   4500</leader>
  <controlfield tag="008">708 F841b</controlfield>
  <datafield tag="020" ind1=" " ind2=" ">
    <subfield code="a">0477065376</subfield>
  </datafield>
  <datafield tag="082" ind1=" " ind2=" ">
    <subfield code="a">708</subfield>
    <subfield code="b">F841b</subfield>
  </datafield>
  <datafield tag="100" ind1=" " ind2=" ">
    <subfield code="a">Fraser, Jacqueline; Robinson, Peter</subfield>
    <subfield code="9">6601</subfield>
  </datafield>
  <datafield tag="245" ind1=" " ind2=" ">
    <subfield code="a">Bi-polar</subfield>
  </datafield>
  <datafield tag="260" ind1=" " ind2=" ">
    <subfield code="a">Wellington</subfield>
    <subfield code="b">Creative New Zealand Toi Aotearoa</subfield>
    <subfield code="c">2001</subfield>
  </datafield>
  <datafield tag="300" ind1=" " ind2=" ">
    <subfield code="a">64 p.</subfield>
    <subfield code="b">ill (col)</subfield>
    <subfield code="c">27.5 x 20 cm</subfield>
  </datafield>
  <datafield tag="505" ind1=" " ind2=" ">
    <subfield code="t">Acknowlegements</subfield>
    <subfield code="t">Foreword</subfield>
    <subfield code="r">Jenny Gibbs</subfield>
    <subfield code="t">Bi-polar: Divine comedy and A demure portrait of the artist strip searched</subfield>
    <subfield code="r">Gregory Burke</subfield>
    <subfield code="t">A demure portrait of the artist strip searched "with 11 details of bi-polar disorder"</subfield>
    <subfield code="r">Jacqueline Fraser</subfield>
    <subfield code="t">Divine comedy</subfield>
    <subfield code="r">Peter Robinson</subfield>
    <subfield code="t">Knots and veils: creases in the social fabric</subfield>
    <subfield code="r">Ewen McDonald</subfield>
    <subfield code="t">Au contraire</subfield>
    <subfield code="r">Anna Miles</subfield>
    <subfield code="t">Biographies</subfield>
  </datafield>
  <datafield tag="650" ind1=" " ind2=" ">
    <subfield code="x">arte contempor&#xE1;neo</subfield>
    <subfield code="x">arte - exhibiciones</subfield>
    <subfield code="x">arte - cat&#xE1;logo de exhibici&#xF3;n</subfield>
    <subfield code="x">49th bienal - Venecia - 2001</subfield>
    <subfield code="x">Nueva Zelanda</subfield>
    <subfield code="9">6602</subfield>
  </datafield>
  <datafield tag="700" ind1=" " ind2=" ">
    <subfield code="a">Burke, Gregory (curadur&#xED;a); Gibbs, Jenny</subfield>
    <subfield code="9">6603</subfield>
  </datafield>
  <datafield tag="999" ind1=" " ind2=" ">
    <subfield code="c">1585</subfield>
    <subfield code="d">1585</subfield>
  </datafield>
  <datafield tag="952" ind1=" " ind2=" ">
    <subfield code="0">0</subfield>
    <subfield code="1">0</subfield>
    <subfield code="2">ddc</subfield>
    <subfield code="4">0</subfield>
    <subfield code="7">0</subfield>
    <subfield code="a">LV</subfield>
    <subfield code="b">LV</subfield>
    <subfield code="c">Eventos y Bienales</subfield>
    <subfield code="d">2018-08-16</subfield>
    <subfield code="l">0</subfield>
    <subfield code="o">708 F841b</subfield>
    <subfield code="p">001284</subfield>
    <subfield code="r">2018-08-16 00:00:00</subfield>
    <subfield code="w">2018-08-16</subfield>
    <subfield code="y">01</subfield>
  </datafield>
</record>
